Odmiania czasownika haben - klikanie - Statystyki

Ogólne statystyki
  • Ten quiz został rozwiązany 15 razy
  • Średni wynik to 7 z 9
Statystyki odpowiedzi
Hint Odpowiedź % Poprawnych
ich Habe
100%
wir Haben
93%
du Hast
93%
sie(l.m) Haben
86%
ihr Habt
79%
sie(l.p) Hat
71%
es Hat
71%
Sie Haben
64%
er Hat
57%
Nie znaleziono quizów pasujących do podanych kryteriów
Rozkład punktacji
Procent ludzi z każdym wynikiem
Percentyl według liczby udzielonych odpowiedzi
Twoja historia wyników
Nie rozwiązałeś tego quizu